书目信息 |
| 题名: |
数字集成电路
|
|
| 作者: | 拉贝艾 , Chandrakasan , Nikolic 著 ;周润德 译 | |
| 分册: | ||
| 出版信息: | 北京 电子工业出版社 2017.1 |
|
| 页数: | 16,505页 | |
| 开本: | 26cm | |
| 丛书名: | 国外电子与通信教材系列 | |
| 单 册: | ||
| 中图分类: | TN431.2 | |
| 科图分类: | ||
| 主题词: | 数字集成电路--电路设计--高等学校--教材 | |
| 电子资源: | ||
| ISBN: | 978-7-121-30505-4 | |
| 000 | 01308nam 2200301 450 | |
| 001 | 0400002370 | |
| 005 | 20171020175626.0 | |
| 010 | @a978-7-121-30505-4@dCNY79.00 | |
| 100 | @a20170427e2017 em y0chiy50 ea | |
| 101 | 1 | @achi@ceng |
| 102 | @aCN@b110000 | |
| 105 | @aa z 000yy | |
| 106 | @ar | |
| 200 | 1 | @a数字集成电路@9shu zi ji cheng dian lu@e电路、系统与设计@dDigital integrated circuits@ea design perspective@f(美)Jan M. Rabaey,(美)Anantha Chandrakasan,(美)Borivoje Nikolic著@g周润德等译@zeng |
| 210 | @a北京@c电子工业出版社@d2017.1 | |
| 215 | @a16,505页@c图@d26cm | |
| 225 | 1 | @a国外电子与通信教材系列 |
| 330 | @a本书分三部分:基本单元、电路设计和系统设计。书中对MOS器件和连线的特性做了简要介绍,深入分析了反相器,并逐步将这些知识延伸到组合逻辑电路、时序逻辑电路、控制器、运算电路及存储器这些复杂数字电路与系统的设计中。 | |
| 461 | 0 | @12001 @a国外电子与通信教材系列 |
| 510 | 1 | @aDigital integrated circuits@ea design perspective@zeng |
| 606 | 0 | @a数字集成电路@x电路设计@x高等学校@j教材 |
| 690 | @aTN431.2@v5 | |
| 701 | 0 | @c(美)@a拉贝艾@9la bei ai@c(Rabaey, Jan M.)@4著 |
| 701 | 1 | @c(美)@aChandrakasan@bAnantha@4著 |
| 701 | 1 | @c(美)@aNikolic@bBorivoje@4著 |
| 702 | 0 | @a周润德@9zhou run de@f(1945-)@4译 |
| 801 | 0 | @aCN@b91MARC@c20171020 |
| 905 | @b1026936-40@dTN431.2@f5@e155 | |
| 数字集成电路:电路、系统与设计=Digital integrated circuits:a design perspective/(美)Jan M. Rabaey,(美)Anantha Chandrakasan,(美)Borivoje Nikolic著/周润德等译.-北京:电子工业出版社,2017.1 |
| 16,505页:图;26cm.-(国外电子与通信教材系列) |
| ISBN 978-7-121-30505-4:CNY79.00 |
| 本书分三部分:基本单元、电路设计和系统设计。书中对MOS器件和连线的特性做了简要介绍,深入分析了反相器,并逐步将这些知识延伸到组合逻辑电路、时序逻辑电路、控制器、运算电路及存储器这些复杂数字电路与系统的设计中。 |
| ● |
| 相关链接 |
|
|
|
|
正题名:数字集成电路
索取号:TN431.2/155
 
预约/预借
| 序号 | 登录号 | 条形码 | 馆藏地/架位号 | 状态 | 备注 |
| 1 | 1026936 | 210269369 | 第二样本阅览室/ [索取号:TN431.2/155] | 在馆 | |
| 2 | 1026937 | 210269378 | 密集书库-物理学院/ [索取号:TN431.2/155] | 在馆 | |
| 3 | 1026938 | 210269387 | 第三借阅区/ [索取号:TN431.2/155] | 在馆 | |
| 4 | 1026939 | 210269396 | 第三借阅区/ [索取号:TN431.2/155] | 在馆 | |
| 5 | 1026940 | 210269403 | 第三借阅区/ [索取号:TN431.2/155] | 在馆 |